Rýchly výstražný systém pre potraviny a krmivá (RASFF) a jeho uplatnenie v Slovenskej republike
Na minha lista:
| Autor principal: | |
|---|---|
| Formato: | Capítulo de Livro |
| Idioma: | eslovaco |
| Tags: |
Sem tags, seja o primeiro a adicionar uma tag!
|
MARC
| LEADER | 00000naa$a2200000$$$4500 | ||
|---|---|---|---|
| 001 | 0118743 | ||
| 005 | 20240523124125.6 | ||
| 041 | 0 | |a slo | |
| 044 | |a SK | ||
| 245 | 1 | 0 | |a Rýchly výstražný systém pre potraviny a krmivá (RASFF) a jeho uplatnenie v Slovenskej republike |c Jana Gondárová |
| 100 | 1 | |a Gondárová, Jana, 1983- | |